Name that Cake - Statistics

General Stats
  • This quiz has been taken 165 times
  • The average score is 4 of 12
Answer Stats
Picture Answer % Correct
Cheesecake
87%
Red Velvet cake
77%
Carrot cake
67%
Marble Cake
53%
Pavlova
46%
Black forest cake
41%
Upside down cake
22%
Pound Cake
17%
Dundee Cake
16%
Mochi
8%
Tres Leches cake
6%
Basboosa
2%
No matching quizzes found
Score Distribution
Percent of People with Each Score
Percentile by Number Answered
Your Score History
You have not taken this quiz